000 00783nam a2200217Ia 4500
003 0
005 20250122111236.0
008 150126s9999 xx 000 0 und d
050 _aPHS BF 698
_b.T789 2014
100 _aTremblay, Celine-Anne M.
245 4 _aThe personality types and eating habits of grade 11 Southville students /
_cCeline-Anne M. Tremblay.
260 _aLas PiƱas City, Philippines :
_bSouthville International School and Colleges,
_c2014.
300 _a24 pages :
_billustration ;
_c28 cm.
504 _aIncludes bibliographical references.
650 _aEating Habits.
650 _aPersonality types.
650 _aNutrition
_2Psychological aspects.
650 _aHigh school students
_2Psychology.
650 _aStudents
_2Nutrition.
942 _2lcc
_cPASS
999 _c278727
_d278727